📖 150 premiers mots "Mercure" Amélie Nothomb - Statistiques

Statistiques générales
  • Ce quiz a Ă©tĂ© pris 12 fois
  • Le rĂ©sultat moyen est 74 sur 150
Statistiques - réponses
Mots % Correct
Ă 
100%
a
100%
Frontières.
100%
Hazel"
100%
l'
100%
m'
100%
Mortes-
100%
n'
100%
Noeud
100%
C'
90%
d'
90%
il
90%
j'
90%
J'
90%
Jacqueline
90%
Je
90%
je
90%
y
90%
ai
80%
la
80%
le
80%
les
80%
Les
80%
me
80%
au
70%
ce
70%
Ce
70%
elle
70%
en
70%
est
70%
et
70%
un
70%
cette
60%
fois
60%
fois,
60%
on
60%
par
60%
Pour
60%
pour
60%
si
60%
aller
50%
aura
50%
avec
50%
avoir
50%
de
50%
du
50%
ĂŞtre ;
50%
ĂŞtre
50%
jamais
50%
jour,
50%
qu'
50%
que
50%
qui
50%
suis
50%
Une
50%
une
50%
chose
40%
faut
40%
secret.
40%
dernière
30%
quelque
30%
raconté,
30%
retour. ...
30%
simple
30%
sont
30%
aimerais
20%
arrive
20%
bateau
20%
cacher.
20%
fut
20%
habiter
20%
idée
20%
île,
20%
pauvre
20%
penser
20%
petit
20%
peut-
20%
pourrait
20%
quoi
20%
savoir.
20%
seule
20%
sûre
20%
ans ?
10%
ans.
10%
après
10%
aucune
10%
cinq
10%
doit
10%
gagner
10%
hommes
10%
"Journal
10%
port
10%
pris
10%
provisions,
10%
quitte
10%
soupçonner,
10%
trente
10%
vieux
10%
attendent
0%
bientĂ´t
0%
courrier
0%
débarcadère ;
0%
depuis
0%
éventuel
0%
fouillés.
0%
grave.
0%
indignation
0%
juge
0%
précautions
0%
prend,
0%
rafiot,
0%
service
0%
sourde :
0%
Aucun quiz correspondant
Distribution des résultats
% des personnes avec chaque résultat
Percentile par nombre de réponses
Votre historique - résultats
Vous n’avez pas pris ce quiz